Top 300 Artists/Musicians On Rate Your Music - Statistiques

Statistiques générales
  • Ce quiz a été pris 79 fois
  • Le résultat moyen est 19 sur 300
Statistiques - réponses
Ranking Artists % Correct
3 The Beatles
62%
210 Michael Jackson
54%
7 Nick Drake
46%
125 The Rolling Stones
45%
4 Kendrick Lamar
42%
2 Radiohead
37%
29 David Bowie
35%
21 Nirvana
35%
1 Madvillain
31%
14 Pink Floyd
31%
70 Kanye West
29%
6 The Jimi Hendrix Experience
29%
47 Bob Dylan
26%
15 Jimi Hendrix
26%
33 Led Zeppelin
26%
12 MF DOOM
25%
128 Bob Marley
22%
91 Daft Punk
22%
156 The Beach Boys
22%
48 Danny Brown
20%
118 Prince
20%
43 Prince and The Revolution
20%
39 The Cure
20%
57 The Doors
20%
155 The Who
20%
127 Nina Simone
18%
10 The Smiths
18%
24 Elliott Smith
17%
52 Marvin Gaye
17%
16 Miles Davis
17%
56 Stevie Wonder
17%
8 The Velvet Underground
17%
205 Tyler, The Creator
15%
25 my bloody valentine
14%
206 Nas
14%
274 Patti Smith
14%
165 R.E.M.
14%
49 Swans
14%
27 Björk
12%
186 Bruce Springsteen
12%
174 Charli XCX
12%
126 Depeche Mode
12%
44 Slowdive
12%
196 The Notorious B.I.G.
12%
178 The Strokes
12%
59 Aphex Twin
11%
31 Black Sabbath
11%
45 Death
11%
133 Fleetwood Mac
11%
53 Jeff Buckley
11%
114 Jorge Ben
11%
54 JPEGMAFIA
11%
9 King Crimson
11%
94 Massive Attack
11%
60 Pixies
11%
17 Portishead
11%
149 System Of A Down
11%
66 Wu-Tang Clan
11%
23 Charles Mingus
9%
30 Death Grips
9%
108 Deftones
9%
32 Frank Ocean
9%
140 Iron Maiden
9%
11 John Coltrane
9%
5 Joy Division
9%
130 Lauryn Hill
9%
89 Leonard Cohen
9%
167 Linda McCartney
9%
61 Neil Young
9%
20 Nico
9%
109 Sigur Rós
9%
96 Sonic Youth
9%
151 The Clash
9%
163 Yes
9%
82 Alice In Chains
8%
232 Arcade Fire
8%
36 Cocteau Twins
8%
123 DJ Shadow
8%
295 Iggy Pop
8%
104 Joni Mitchell
8%
28 Kate Bush
8%
183 Mobb Deep
8%
35 Neutral Milk Hotel
8%
117 Nick Cave
8%
92 Nick Cave & The Bad Seeds
8%
181 Rage Against the Machine
8%
46 Sufjan Stevens
8%
13 Talking Heads
8%
217 Tears For Fears
8%
158 The Kinks
8%
270 Animal Collective
6%
51 Boards Of Canada
6%
120 Creedence Clearwater Revival
6%
19 Fishmans
6%
242 Genesis
6%
22 Godspeed You! Black Emperor
6%
184 Johnny Cash
6%
251 Judas Priest
6%
37 OutKast
6%
101 Sade
6%
40 Talk Talk
6%
42 The Microphones
6%
134 Tool
6%
26 A Tribe Called Quest
5%
38 Black Country, New Road
5%
225 Boris
5%
50 Can
5%
291 Deep Purple
5%
237 Denzel Curry
5%
182 Earl Sweatshirt
5%
154 Funkadelic
5%
116 GZA/Genius
5%
86 Have A Nice Life
5%
88 J Dilla
5%
55 Joanna Newsom
5%
162 Love
5%
63 Magdalena Bay
5%
106 New Order
5%
122 Nine Inch Nails
5%
71 Nujabes
5%
139 Otis Redding
5%
80 Pavement
5%
142 Queens Of The Stone Age
5%
34 Slint
5%
201 The Smashing Pumpkins
5%
62 Tom Waits
5%
153 Alice Coltrane
3%
136 billy woods
3%
110 Brian Eno
3%
279 Camel
3%
275 Caroline Polachek
3%
273 Dave Brubeck
3%
138 Duster
3%
189 Ennio Morricone
3%
72 Fiona Apple
3%
171 FKA twigs
3%
98 Frank Zappa
3%
195 Freddie Gibbs
3%
67 Freddie Gibbs & Madlib
3%
193 Injury Reserve
3%
292 Interpol
3%
79 Kraftwerk
3%
102 LCD Soundsystem
3%
197 London Symphony Orchestra
3%
18 Madlib
3%
296 Mastodon
3%
257 Mount Eerie
3%
111 Opeth
3%
228 Pulp
3%
188 Rush
3%
103 Simon & Garfunkel
3%
264 Siouxsie and The Banshees
3%
75 Steely Dan
3%
41 Television
3%
107 The Avalanches
3%
293 The Band
3%
90 The Zombies
3%
68 Unwound
3%
83 Weyes Blood
3%
254 Agalloch
2%
145 Art Blakey
2%
131 Beach House
2%
280 Beastie Boys
2%
271 Belle and Sebastian
2%
247 Big Star
2%
74 black midi
2%
180 Built to Spill
2%
175 Car Seat Headrest
2%
208 Coil
2%
215 Comus
2%
119 Crazy Horse
2%
95 Curtis Mayfield
2%
115 Dead Kennedys
2%
219 Duke Ellington
2%
81 Fela Kuti
2%
172 Fleet Foxes
2%
97 Fugazi
2%
93 Geordie Greep
2%
233 George Clanton
2%
170 Herbie Hancock
2%
272 Invisible
2%
265 Jeff Rosenstock
2%
235 Jethro Tull
2%
99 KIDS SEE GHOSTS
2%
287 King Geedorah
2%
222 King Gizzard & The Lizard Wizard
2%
203 Kyuss
2%
100 Lil Ugly Mane
2%
223 Lingua Ignota
2%
179 Little Simz
2%
298 Low
2%
261 Maruja
2%
198 공중도둑 [Mid-Air Thief]
2%
211 Minor Threat
2%
146 Mos Def
2%
288 Natural Snow Buildings
2%
185 Pescado Rabioso
2%
224 Peter Gabriel
2%
58 Pharoah Sanders
2%
281 Phoebe Bridgers
2%
150 PJ Harvey
2%
204 Porcupine Tree
2%
231 Roxy Music
2%
245 Sam Cooke
2%
286 Slayer
2%
191 Sly & The Family Stone
2%
143 Songs: Ohia
2%
159 SOPHIE
2%
121 Stereolab
2%
112 Steve Reich
2%
84 Steve Reich and Musicians
2%
64 Sweet Trip
2%
212 The Chameleons
2%
266 The Fall
2%
160 Thelonious Monk
2%
69 The Stooges
2%
250 Three 6 Mafia
2%
226 Toby Fox
2%
278 Van der Graaf Generator
2%
213 Viktor Vaughn
2%
113 Ween
2%
152 Wire
2%
249 XTC
2%
300 Yo La Tengo
2%
216 Adrianne Lenker
0%
85 山岡晃 [Akira Yamaoka]
0%
253 Альфред Шнитке [Alfred Schnittke]
0%
161 Alvvays
0%
65 Angelo Badalamenti
0%
230 Autechre
0%
135 Berliner Philharmoniker
0%
148 Big Thief
0%
220 Bill Evans
0%
299 Black Thought
0%
258 Bolt Thrower
0%
166 Burial
0%
269 Buzzcocks
0%
240 By Storm
0%
76 C418
0%
246 Candy Claws
0%
277 Captain Beefheart
0%
285 Captain Beefheart & The Magic Band
0%
187 Converge
0%
73 D'Angelo
0%
255 Dead Can Dance
0%
284 Die 12 Cellisten der Berliner Philharmoniker
0%
289 Electric Wizard
0%
256 Emperor
0%
207 Eric Dolphy
0%
177 E Street Band
0%
297 Glenn Gould
0%
229 Gorguts
0%
239 Gustavo Cerati
0%
132 Herbert von Karajan
0%
78 青葉市子 [Ichiko Aoba]
0%
209 Jessie Ware
0%
141 João Gilberto
0%
241 Keith Jarrett
0%
194 Kenny Segal
0%
267 Kero Kero Bonito
0%
236 Lamp
0%
276 Leonard Bernstein
0%
164 Les Rallizes Dénudés
0%
283 Lift to Experience
0%
77 Lô Borges
0%
234 Magnolia Electric Co.
0%
282 Mahavishnu Orchestra
0%
248 Max Roach
0%
105 Milton Nascimento
0%
169 Modest House
0%
294 New York Philharmonic
0%
190 Novos Baianos
0%
202 Ornette Coleman
0%
199 파란노을 [Parannoul]
0%
221 Red House Painters
0%
192 Robert Johnson
0%
244 Seatbelts
0%
173 椎名林檎 [Sheena Ringo]
0%
157 Shing02
0%
214 目黒将司 [Shoji Meguro]
0%
290 Staatsorchester Stuttgart
0%
243 Stan Getz
0%
137 Stan Getz & João Gilberto
0%
252 Stardust
0%
268 平沢進 [Susumu Hirasawa]
0%
87 The Africa '70
0%
260 The Allman Brothers Band
0%
147 The Brave Little Abacus
0%
168 The Mothers of Invention
0%
259 The Replacements
0%
262 The Roots
0%
129 The Stone Roses
0%
124 The Wailers
0%
144 This Heat
0%
227 Tim Hecker
0%
176 Townes Van Zandt
0%
238 Vince Guaraldi
0%
200 Wiener Philharmoniker
0%
218 Wilco
0%
263 Wipers
0%
Aucun quiz correspondant
Distribution des résultats
% des personnes avec chaque résultat
Percentile par nombre de réponses
Votre historique - résultats
Vous n’avez pas pris ce quiz